000 00593cam a22002053a 4500
001 44936
003 PGUSA
005 20140828084027.0
008 140216s2014||||xxu|||||s|||||000 | eng d
040 _aPGUSA
_beng
042 _adc
100 1 _aPäivärinta, Pietari,
_d1827-1913
245 1 0 _aJälkipoimintoja I :
_bVolmari
_h[electronic resource] /
_cPietari Päivärinta
260 _bProject Gutenberg,
_c2014
506 _aPublic domain in the USA.
516 _aElectronic text
830 0 _aProject Gutenberg
_v44936
856 4 0 _uhttp://www.gutenberg.org/ebooks/44936
942 _cEB
999 _c274187
_d274187